| 000 | 01286cam a2200277 4500500 | ||
|---|---|---|---|
| 005 | 20260301000800.0 | ||
| 041 | _afre | ||
| 042 | _adc | ||
| 100 | 1 | 0 |
_aKrumenacker, Yves _eauthor |
| 245 | 0 | 0 | _aWhat place for clergymen in the Thirty Years’ War? |
| 260 | _c2023. | ||
| 500 | _a80 | ||
| 520 | _aAlthough the Thirty Years’ War was not a religious war, it did have important religious aspects. Clergymen had a considerable influence on the collective conscience: they strengthened religious factions, spread millenarianism, and fomented piety. Soldiers, supervised by clergymen, fought for their faith, while princes justified the war on the grounds of religion. Contemporary texts about the conflict use religious language and describe the interventions of God, the Virgin, or the saints. | ||
| 690 | _achaplains | ||
| 690 | _adenominations | ||
| 690 | _amillenarianism | ||
| 690 | _apiety | ||
| 690 | _apolitical theology | ||
| 690 | _achaplains | ||
| 690 | _adenominations | ||
| 690 | _amillenarianism | ||
| 690 | _apiety | ||
| 690 | _apolitical theology | ||
| 786 | 0 | _nDix-septième siècle | o 299 | 2 | 2023-04-18 | p. 205-224 | 0012-4273 | |
| 856 | 4 | 1 | _uhttps://shs.cairn.info/journal-dix-septieme-siecle-2023-2-page-205?lang=en&redirect-ssocas=7080 |
| 999 |
_c1672436 _d1672436 |
||